[Event "GER-ch U14 Girls"]
[Site "Willingen"]
[Date "2024.05.23"]
[Round "7"]
[White "Kopylov, Diana"]
[Black "Prokscha, Charlotte"]
[Result "1-0"]
[WhiteElo "1886"]
[BlackElo "1664"]
[PlyCount "101"]
[EventDate "2024.05.19"]
[EventType "swiss"]
[EventRounds "9"]
[EventCountry "GER"]
[SourceTitle "CBM 220 Extra"]
[Source "ChessBase"]
[SourceDate "2024.07.31"]
[SourceVersion "1"]
[SourceVersionDate "2024.07.31"]
[SourceQuality "1"]

1. e4 c5 2. Nf3 d6 3. d4 cxd4 4. Nxd4 Nf6 5. Nc3 g6 6. Be3 Bg7 7. f3 0-0 8. Qd2 Nc6 9. 0-0-0 d5 10. exd5 Nxd5 11. Nxc6 bxc6 12. Nxd5 cxd5 13. Qxd5 Qc7 14. Qc5 Qb7 15. Bd4 Bxd4 16. Qxd4 Be6 17. Kb1 Rfd8 18. Qxd8+ Rxd8 19. Rxd8+ Kg7 20. Be2 Qb6 21. Rhd1 Qf2 22. Bf1 Qb6 23. R8d2 h5 24. b3 a5 25. Kb2 Qb8 26. g3 Qe5+ 27. c3 Qb8 28. Rd4 Qb7 29. f4 Bg4 30. R1d2 Be6 31. Bg2 Qb6 32. c4 Qb4 33. a3 Qb6 34. Kc3 Qa7 35. Bc6 Bc8 36. Bb5 Qc5 37. b4 axb4+ 38. axb4 Qa7 39. Kb3 Qa1 40. Rd1 Qa7 41. Bd7 Bxd7 42. Rxd7 Qe3+ 43. R1d3 Qe1 44. c5 Qb1+ 45. Kc4 Qc2+ 46. Kb5 Qe2 47. Kb6 Qe6+ 48. c6 Qc4 49. R3d4 Qe6 50. Kb7 Qf5 51. R7d5 1-0

[Event "GER-ch U14 Girls"]
[Site "Willingen"]
[Date "2024.05.19"]
[Round "2"]
[White "Richter, Anastasia"]
[Black "Kopylov, Diana"]
[Result "0-1"]
[WhiteElo "1560"]
[BlackElo "1886"]
[PlyCount "70"]
[EventDate "2024.05.19"]
[EventType "swiss"]
[EventRounds "9"]
[EventCountry "GER"]
[SourceTitle "CBM 220 Extra"]
[Source "ChessBase"]
[SourceDate "2024.07.31"]
[SourceVersion "1"]
[SourceVersionDate "2024.07.31"]
[SourceQuality "1"]

1. e4 e6 2. d4 d5 3. e5 c5 4. c3 Qb6 5. Nf3 Nc6 6. Bd3 Nh6 7. 0-0 Nf5 8. Bxf5 exf5 9. Re1 Be6 10. Nbd2 cxd4 11. Nb3 dxc3 12. bxc3 Be7 13. Be3 Qc7 14. Bd4 0-0 15. Rc1 Rac8 16. Nfd2 b6 17. f4 Qd7 18. Nf3 Nxd4 19. cxd4 Qa4 20. Qe2 Rc4 21. Nfd2 Rxc1 22. Rxc1 Qxa2 23. Ra1 Qb2 24. Rxa7 Bb4 25. Ra4 Bxd2 26. Nxd2 b5 27. Ra5 Qxd4+ 28. Kh1 b4 29. g3 h6 30. Rb5 Rc8 31. Qe1 Qb2 32. Nf1 Rc1 33. Rxb4 Rxe1 34. Rxb2 Rxf1+ 35. Kg2 Rd1 0-1

[Event "Copenhagen GoAudit op"]
[Site "Copenhagen"]
[Date "2023.11.12"]
[Round "6"]
[White "Hald Falkesgaard, Jeppe"]
[Black "Kopylov, Diana"]
[Result "1-0"]
[WhiteElo "2176"]
[BlackElo "1497"]
[PlyCount "111"]
[EventDate "2023.11.10"]
[EventType "swiss"]
[EventRounds "7"]
[EventCountry "DEN"]
[SourceTitle "CBM 217 Extra"]
[Source "ChessBase"]
[SourceDate "2024.01.31"]
[SourceVersion "1"]
[SourceVersionDate "2024.01.31"]
[SourceQuality "1"]

1. d4 Nf6 2. c4 g6 3. Nc3 d5 4. cxd5 Nxd5 5. e4 Nxc3 6. bxc3 Bg7 7. Qa4+ Nd7 8. Nf3 0-0 9. Be2 c5 10. 0-0 cxd4 11. cxd4 Nb6 12. Qa3 Bg4 13. Be3 Bxf3 14. gxf3 Qd7 15. Rfd1 Rfc8 16. Rab1 Nc4 17. Bxc4 Rxc4 18. Qb3 Rc7 19. Bf4 Rac8 20. Bxc7 Rxc7 21. Kg2 b6 22. a4 Bxd4 23. e5 Rc5 24. Qd3 Rxe5 25. f4 Rd5 26. Qf3 Rd6 27. Rb5 Kg7 28. h4 Qc7 29. h5 Qc4 30. Rg5 Qxa4 31. f5 Qc2 32. Rg4 Bxf2 33. fxg6 fxg6 34. h6+ Kg8 35. Qa8+ Kf7 36. Rf4+ Rf6 37. Qd5+ Kf8 38. Rd2 Qc7 39. Rxf6+ exf6 40. Rxf2 f5 41. Qe6 Qe7 42. Qxe7+ Kxe7 43. Ra2 a5 44. Rb2 Kf6 45. Rxb6+ Kg5 46. Ra6 Kxh6 47. Rxa5 Kg5 48. Kg3 h6 49. Ra6 h5 50. Kh3 Kf4 51. Rxg6 Ke3 52. Rg5 f4 53. Rxh5 f3 54. Kg3 f2 55. Re5+ Kd4 56. Rf5 1-0

[Event "GER-ch U14 Girls"]
[Site "Willingen"]
[Date "2023.06.02"]
[Round "8"]
[White "Vogt, Luna"]
[Black "Kopylov, Diana"]
[Result "1-0"]
[WhiteElo "1345"]
[BlackElo "1378"]
[PlyCount "67"]
[EventDate "2023.05.27"]
[EventType "swiss"]
[EventRounds "9"]
[EventCountry "GER"]
[SourceTitle "CBM 214 Extra"]
[Source "ChessBase"]
[SourceDate "2023.07.31"]
[SourceVersion "1"]
[SourceVersionDate "2023.07.31"]
[SourceQuality "1"]

1. d4 d5 2. c4 e5 3. dxe5 d4 4. Nf3 Nc6 5. a3 Nge7 6. Nbd2 Ng6 7. Nb3 Ngxe5 8. Nxe5 Nxe5 9. Nxd4 Bd6 10. e3 0-0 11. Be2 Re8 12. b4 c6 13. Bb2 Be6 14. Nxe6 Rxe6 15. Qd4 Rg6 16. Rd1 Qe7 17. g3 b6 18. Qe4 Bc7 19. f4 Re8 20. fxe5 Bxe5 21. Bxe5 Re6 22. 0-0 Rxe5 23. Qxc6 Rxe3 24. Bg4 Rxa3 25. Rfe1 Re3 26. Rxe3 Qxe3+ 27. Kg2 h6 28. Qf3 Qg5 29. Rf1 Re7 30. Rd1 Re3 31. Qf5 Qe7 32. Rd7 Qe8 33. Qd5 Qe5 34. Qxf7+ 1-0

[Event "GER-ch U14 Girls"]
[Site "Willingen"]
[Date "2023.06.01"]
[Round "7"]
[White "Kopylov, Diana"]
[Black "Hergenroeder, Cora"]
[Result "1-0"]
[WhiteElo "1378"]
[BlackElo "1466"]
[PlyCount "119"]
[EventDate "2023.05.27"]
[EventType "swiss"]
[EventRounds "9"]
[EventCountry "GER"]
[SourceTitle "CBM 214 Extra"]
[Source "ChessBase"]
[SourceDate "2023.07.31"]
[SourceVersion "1"]
[SourceVersionDate "2023.07.31"]
[SourceQuality "1"]

1. d4 d5 2. c4 c6 3. cxd5 cxd5 4. Nf3 Nc6 5. Nc3 Nf6 6. Bf4 Qb6 7. Qd2 e6 8. a3 Bd7 9. e3 Na5 10. Qc2 Rc8 11. Bd3 Be7 12. 0-0 0-0 13. Ne5 Qd8 14. Qe2 Re8 15. f3 Nc6 16. h3 Nh5 17. Bh2 Nf6 18. g4 Rf8 19. f4 Ne8 20. f5 Ra8 21. Rf3 Qc8 22. Raf1 f6 23. Nxd7 Qxd7 24. fxe6 Qxe6 25. Qc2 g6 26. Qb3 Rd8 27. Be4 Kg7 28. Bxd5 Qc8 29. Be4 Nd6 30. Bxc6 Qxc6 31. Nd5 Nc8 32. Nf4 Rd6 33. d5 Qb6 34. Qc3 Re8 35. Ne6+ Kg8 36. Bxd6 Nxd6 37. Qc7 Qxc7 38. Nxc7 Rc8 39. Ne6 Ne4 40. Rd1 Bd6 41. Nd4 Kg7 42. Rff1 Ng3 43. Rfe1 Be5 44. Kg2 h5 45. Rc1 Rh8 46. Ne6+ Kf7 47. g5 fxg5 48. Nxg5+ Kg7 49. Nf3 Bd6 50. e4 Bb8 51. e5 Nf5 52. d6 Rd8 53. Ng5 Rd7 54. Ne6+ Kh6 55. Rc8 Nh4+ 56. Kg3 Nf5+ 57. Kf4 Bxd6 58. Rh8+ Rh7 59. Rxh7+ Kxh7 60. exd6 1-0

[Event "GER-ch U14 Girls"]
[Site "Willingen"]
[Date "2023.05.28"]
[Round "1"]
[White "Trunz, Tamila"]
[Black "Kopylov, Diana"]
[Result "1-0"]
[WhiteElo "1697"]
[BlackElo "1378"]
[PlyCount "59"]
[EventDate "2023.05.27"]
[EventType "swiss"]
[EventRounds "9"]
[EventCountry "GER"]
[SourceTitle "CBM 214 Extra"]
[Source "ChessBase"]
[SourceDate "2023.07.31"]
[SourceVersion "1"]
[SourceVersionDate "2023.07.31"]
[SourceQuality "1"]

1. e4 c5 2. Nf3 d6 3. d4 cxd4 4. Nxd4 Nf6 5. Nc3 g6 6. Be3 Bg7 7. f3 0-0 8. Qd2 Nc6 9. 0-0-0 d5 10. exd5 Nxd5 11. Nxc6 bxc6 12. Bd4 Bxd4 13. Qxd4 Qb6 14. Na4 Qxd4 15. Rxd4 Nb6 16. Nc5 Nd5 17. Rd2 h5 18. h3 Ne3 19. g4 h4 20. Bd3 Nd5 21. Be4 e6 22. c4 Ne7 23. Rhd1 f5 24. Bc2 Rf6 25. Rd8+ Kg7 26. Nd7 Rf7 27. g5 Ng8 28. Ne5 Rb7 29. Nxc6 Rc7 30. Ne5 1-0

[Event "GER-ch U12 Girls"]
[Site "Willingen"]
[Date "2022.06.11"]
[Round "9"]
[White "Nalam, Mokshadha"]
[Black "Kopylov, Diana"]
[Result "1/2-1/2"]
[WhiteElo "1185"]
[BlackElo "1110"]
[PlyCount "68"]
[EventDate "2022.06.04"]
[EventType "swiss"]
[EventRounds "9"]
[EventCountry "GER"]
[SourceTitle "CBM 208 Extra"]
[Source "ChessBase"]
[SourceDate "2022.07.31"]
[SourceVersion "1"]
[SourceVersionDate "2022.07.31"]
[SourceQuality "1"]

1. e4 c5 2. Nf3 d6 3. Bb5+ Bd7 4. Bxd7+ Qxd7 5. c4 Nf6 6. Nc3 g6 7. d3 Bg7 8. 0-0 0-0 9. h3 Nc6 10. Be3 Rab8 11. Nh2 Ne5 12. f4 Nc6 13. a3 a6 14. Rb1 b6 15. Nf3 Rfd8 16. d4 cxd4 17. Nxd4 Rbc8 18. Nd5 Qb7 19. Nxc6 Rxc6 20. Qd3 Rdc8 21. Rfc1 Kf8 22. b3 b5 23. Nb4 R6c7 24. Nd5 Nxd5 25. cxd5 Rxc1+ 26. Rxc1 Rxc1+ 27. Bxc1 Qc7 28. Qd2 Bh6 29. Qb2 f6 30. g3 Qc8 31. Kh2 Kf7 32. Bd2 Qc5 33. Bb4 Qe3 34. Qc2 Qb6 1/2-1/2

[Event "GER-ch U12 Girls"]
[Site "Willingen"]
[Date "2022.06.09"]
[Round "7"]
[White "Kopylov, Diana"]
[Black "Rafikova, Ailin"]
[Result "1-0"]
[WhiteElo "1110"]
[BlackElo "1273"]
[PlyCount "99"]
[EventDate "2022.06.04"]
[EventType "swiss"]
[EventRounds "9"]
[EventCountry "GER"]
[SourceTitle "CBM 208 Extra"]
[Source "ChessBase"]
[SourceDate "2022.07.31"]
[SourceVersion "1"]
[SourceVersionDate "2022.07.31"]
[SourceQuality "1"]

1. d4 d5 2. c4 e6 3. cxd5 exd5 4. Nc3 c6 5. Qc2 Be7 6. Bf4 Bd6 7. Bxd6 Qxd6 8. e3 Nf6 9. Bd3 Be6 10. Nge2 0-0 11. 0-0-0 Nbd7 12. Kb1 b6 13. f3 c5 14. g4 c4 15. Bf5 a6 16. Nf4 b5 17. g5 Bxf5 18. Qxf5 Ne8 19. Qxd5 Qxd5 20. Ncxd5 Nd6 21. h4 a5 22. h5 Ra7 23. Rdg1 a4 24. a3 Nb8 25. g6 h6 26. e4 Nc6 27. e5 Nf5 28. gxf7+ Rfxf7 29. Nf6+ Rxf6 30. exf6 Ncxd4 31. Rh3 Kf8 32. fxg7+ Nxg7 33. Ng6+ Kf7 34. Ne5+ Kf8 35. f4 Ngf5 36. Ng6+ Kg7 37. Ne5+ Kf8 38. Rh2 Ne3 39. Rd2 Nef5 40. Rg6 Rh7 41. Nc6 Nxc6 42. Rxc6 Ne7 43. Rc7 Ke8 44. Rdd7 Rg7 45. Ka2 Kf8 46. f5 Rf7 47. f6 Rxf6 48. Rxe7 Rf5 49. Rh7 Rg5 50. Rc8# 1-0

[Event "GER-ch U12 Girls"]
[Site "Willingen"]
[Date "2022.06.07"]
[Round "4"]
[White "John, Linnea"]
[Black "Kopylov, Diana"]
[Result "0-1"]
[WhiteElo "1306"]
[BlackElo "1110"]
[PlyCount "66"]
[EventDate "2022.06.04"]
[EventType "swiss"]
[EventRounds "9"]
[EventCountry "GER"]
[SourceTitle "CBM 208 Extra"]
[Source "ChessBase"]
[SourceDate "2022.07.31"]
[SourceVersion "1"]
[SourceVersionDate "2022.07.31"]
[SourceQuality "1"]

1. e4 c5 2. Nc3 e6 3. f4 d5 4. e5 Nc6 5. Nf3 Nge7 6. Bb5 Bd7 7. Bxc6 Bxc6 8. 0-0 Ng6 9. d3 Be7 10. Bd2 0-0 11. Qe2 Qb6 12. b3 c4+ 13. Kh1 cxd3 14. cxd3 Bb4 15. Nb1 Rac8 16. Qf2 Qxf2 17. Rxf2 Bxd2 18. Nfxd2 Bb5 19. d4 Rc1+ 20. Nf1 Bxf1 21. h3 Bd3+ 22. Kh2 Rxb1 23. Rxb1 Bxb1 24. a3 f6 25. f5 Bxf5 26. g4 Be4 27. exf6 Rxf6 28. Re2 e5 29. dxe5 Nxe5 30. Kg3 Rf3+ 31. Kh4 Ng6+ 32. Kg5 h6+ 33. Kh5 Rxh3# 0-1

[Event "GER-ch U12 Girls"]
[Site "Willingen"]
[Date "2022.06.06"]
[Round "3"]
[White "Kopylov, Diana"]
[Black "Vogt, Luna"]
[Result "1/2-1/2"]
[WhiteElo "1110"]
[BlackElo "1334"]
[PlyCount "108"]
[EventDate "2022.06.04"]
[EventType "swiss"]
[EventRounds "9"]
[EventCountry "GER"]
[SourceTitle "CBM 208 Extra"]
[Source "ChessBase"]
[SourceDate "2022.07.31"]
[SourceVersion "1"]
[SourceVersionDate "2022.07.31"]
[SourceQuality "1"]

1. d4 d5 2. c4 e6 3. cxd5 exd5 4. Nc3 c6 5. Qc2 g6 6. Nf3 Bf5 7. Qb3 Qb6 8. Qxb6 axb6 9. Bf4 Nd7 10. e3 Ngf6 11. a3 Be7 12. Rd1 0-0 13. Bd3 Bxd3 14. Rxd3 Ne4 15. 0-0 Rfe8 16. Re1 Bd6 17. Ne2 Re7 18. g3 f6 19. Bxd6 Nxd6 20. Kg2 Nc4 21. Rb3 f5 22. Nf4 Nf6 23. h4 c5 24. Rc1 Ra4 25. Rb5 Ra5 26. Rxa5 Nxa5 27. dxc5 bxc5 28. Rxc5 b6 29. Rb5 Nc4 30. Nxd5 Nxd5 31. Rxd5 Nxb2 32. h5 Nc4 33. hxg6 hxg6 34. Rb5 Ra7 35. Ne5 Nxe5 36. Rxe5 Rxa3 37. Re6 Kf7 38. Rxb6 Rd3 39. Kf3 Kg7 40. g4 Rd5 41. g5 Re5 42. Kf4 Re4+ 43. Kf3 Rg4 44. Rb7+ Kf8 45. Rc7 Kg8 46. Re7 Kf8 47. Rc7 Ke8 48. Rg7 Rxg5 49. Kf4 Kf8 50. Rc7 Rg4+ 51. Ke5 Rb4 52. Kf6 Rb6+ 53. Kg5 Re6 54. Rb7 Kg8 1/2-1/2

[Event "GER-ch U12 Girls"]
[Site "Willingen"]
[Date "2022.06.05"]
[Round "1"]
[White "Kopylov, Diana"]
[Black "Czaeczine, Paula"]
[Result "1/2-1/2"]
[WhiteElo "1110"]
[BlackElo "1218"]
[PlyCount "156"]
[EventDate "2022.06.04"]
[EventType "swiss"]
[EventRounds "9"]
[EventCountry "GER"]
[SourceTitle "CBM 208 Extra"]
[Source "ChessBase"]
[SourceDate "2022.07.31"]
[SourceVersion "1"]
[SourceVersionDate "2022.07.31"]
[SourceQuality "1"]

1. d4 d5 2. c4 dxc4 3. e4 e5 4. d5 Nf6 5. Nc3 Bb4 6. Qa4+ c6 7. Qxb4 cxd5 8. exd5 Nbd7 9. Bxc4 a5 10. Qb3 0-0 11. Nf3 e4 12. Nd4 Nc5 13. Qc2 Qd6 14. Bg5 Re8 15. 0-0-0 Bd7 16. Bb5 Nxd5 17. Kb1 Nb4 18. Qd2 Nbd3 19. Be3 a4 20. Bxd3 Nxd3 21. a3 Rac8 22. Nxe4 Rxe4 23. Qxd3 Qe7 24. Rd2 Re5 25. Nf3 Bf5 26. Nxe5 Bxd3+ 27. Nxd3 Qe4 28. Rhd1 Qxg2 29. Nf4 Qe4+ 30. Ka2 Qc4+ 31. Kb1 Qe4+ 32. Ka2 h6 33. Rd4 Qc2 34. R4d2 Qb3+ 35. Kb1 b5 36. Rd3 Qc2+ 37. Ka1 Qc7 38. Nd5 Qb7 39. Nb4 Kh7 40. Rd7 Qf3 41. R7d3 Qg2 42. Rd7 Qf3 43. R7d5 Rb8 44. Nc6 Rb7 45. Ne5 Qf6 46. Nd7 Qc6 47. Nc5 Re7 48. Rd6 Qc7 49. Bf4 Qxc5 50. Be3 Qe5 51. R6d5 Qxh2 52. Rxb5 Qc7 53. Rb4 Qc6 54. Rc1 Qd7 55. Rcc4 Qd1+ 56. Ka2 Qd5 57. Rxa4 Rc7 58. b3 Rxc4 59. Rxc4 h5 60. a4 f6 61. Rh4 Qd1 62. a5 g5 63. Ra4 Qe2+ 64. Ka3 Qa6 65. Bb6 h4 66. Rc4 h3 67. Bc7 Qe6 68. Rc1 Qe7+ 69. Ka4 Qd7+ 70. Ka3 Qe7+ 71. Ka4 Qe4+ 72. b4 Qe2 73. Bg3 g4 74. Rc6 Qe8 75. Kb5 Qe2+ 76. Kb6 Kg6 77. a6 Qe4 78. b5 Qd4+ 1/2-1/2

[Event "GER-ch U12 Girls"]
[Site "Willingen"]
[Date "2021.08.28"]
[Round "8"]
[White "Kopylov, Diana"]
[Black "Vogt, Luna"]
[Result "1-0"]
[WhiteElo "1007"]
[BlackElo "1147"]
[PlyCount "75"]
[EventDate "2021.08.22"]
[EventType "swiss"]
[EventRounds "9"]
[EventCountry "GER"]
[SourceTitle "EXT 2022"]
[Source "ChessBase"]
[SourceDate "2021.10.06"]
[SourceVersion "1"]
[SourceVersionDate "2021.10.06"]
[SourceQuality "1"]

1. d4 d5 2. c4 e6 3. cxd5 exd5 4. Nf3 c6 5. Nc3 Bf5 6. Bf4 Bd6 7. Bxd6 Qxd6 8. e3 Nd7 9. Bd3 Bxd3 10. Qxd3 Ngf6 11. 0-0 0-0 12. Rfe1 Rae8 13. Rac1 Ne4 14. a3 f5 15. Na4 Qc7 16. Qb3 Rf6 17. Qxd5+ Kh8 18. Qb3 Qb8 19. Red1 f4 20. Rd3 fxe3 21. Rxe3 Rh6 22. Rce1 b5 23. Rxe4 Nf6 24. Rxe8+ Nxe8 25. g3 Rd6 26. Ng5 Rd5 27. Re5 Nf6 28. Nc3 Rd7 29. Nf7+ Kg8 30. Nd8+ Kf8 31. Ne6+ Ke8 32. Nc5+ Re7 33. Ne6 Kd7 34. Nc5+ Kd8 35. Rxe7 Kxe7 36. Qe6+ Kd8 37. Qxc6 Qc7 38. Ne6+ 1-0

[Event "GER-ch U12 Girls"]
[Site "Willingen"]
[Date "2021.08.24"]
[Round "3"]
[White "Kopylov, Diana"]
[Black "Flierl, Veronika"]
[Result "0-1"]
[WhiteElo "1007"]
[BlackElo "1372"]
[PlyCount "70"]
[EventDate "2021.08.22"]
[EventType "swiss"]
[EventRounds "9"]
[EventCountry "GER"]
[SourceTitle "EXT 2022"]
[Source "ChessBase"]
[SourceDate "2021.10.06"]
[SourceVersion "1"]
[SourceVersionDate "2021.10.06"]
[SourceQuality "1"]

1. d4 d5 2. c4 e6 3. cxd5 exd5 4. Nf3 Nf6 5. Nc3 Bf5 6. Bf4 c6 7. e3 Bd6 8. Bxd6 Qxd6 9. Bd3 Bxd3 10. Qxd3 Nbd7 11. 0-0 0-0 12. h3 Rfe8 13. Rfe1 Nb6 14. Rac1 Nc4 15. b3 Nb6 16. e4 dxe4 17. Nxe4 Nxe4 18. Rxe4 Nd5 19. Ng5 Nf6 20. Rh4 h6 21. Nf3 Rad8 22. Rd1 Re7 23. Qc4 Rde8 24. Qc2 Re2 25. Qb1 Qd5 26. Ne5 Qb5 27. Re1 Qa6 28. a4 Rxe1+ 29. Qxe1 Qb6 30. Qc3 Qc7 31. Rf4 Nd5 32. Qf3 Nxf4 33. Qxf4 f6 34. Nd3 Qxf4 35. Nxf4 Re4 0-1

[Event "GER-ch U10 Girls"]
[Site "Willingen"]
[Date "2019.06.12"]
[Round "6"]
[White "Marrufo, Emilia"]
[Black "Kopylov, Diana"]
[Result "0-1"]
[WhiteElo "753"]
[BlackElo "922"]
[PlyCount "46"]
[EventDate "2019.06.08"]
[EventType "swiss"]
[EventRounds "11"]
[EventCountry "GER"]
[SourceTitle "EXT 2020"]
[Source "ChessBase"]
[SourceDate "2019.10.17"]
[SourceVersion "1"]
[SourceVersionDate "2019.10.17"]
[SourceQuality "1"]

1. d4 d5 2. e3 Nf6 3. f4 Bf5 4. Bd3 Bxd3 5. Qxd3 e6 6. c3 Bd6 7. Nf3 0-0 8. 0-0 Nc6 9. Ne5 Bxe5 10. fxe5 Ne4 11. Nd2 Nxd2 12. Bxd2 f6 13. Rf3 fxe5 14. Rh3 g6 15. dxe5 Nxe5 16. Qe2 Qf6 17. Rf1 Qg7 18. Rh4 g5 19. Rh5 Qg6 20. c4 Nxc4 21. Rf3 Nxd2 22. Rfh3 Qb1+ 23. Qf1 Qxf1# 0-1

[Event "GER-ch U10 Girls"]
[Site "Willingen"]
[Date "2019.06.10"]
[Round "4"]
[White "Kopylov, Diana"]
[Black "Nguyen, Ha Nhat Minh"]
[Result "0-1"]
[WhiteElo "922"]
[BlackElo "1058"]
[PlyCount "78"]
[EventDate "2019.06.08"]
[EventType "swiss"]
[EventRounds "11"]
[EventCountry "GER"]
[SourceTitle "EXT 2020"]
[Source "ChessBase"]
[SourceDate "2019.10.17"]
[SourceVersion "1"]
[SourceVersionDate "2019.10.17"]
[SourceQuality "1"]

1. e4 e5 2. Nf3 Nc6 3. Bc4 Be7 4. 0-0 Nf6 5. Nc3 0-0 6. d3 d6 7. h3 Bd7 8. Bg5 a6 9. Bb3 b5 10. Nd5 Be6 11. Nxe7+ Qxe7 12. Nh4 h6 13. Be3 Rad8 14. Qf3 Nd4 15. Qg3 Nh5 16. Qh2 Ne2+ 17. Kh1 Qxh4 18. Rfe1 Nd4 19. g4 Nf3 20. Qg2 Nxe1 21. Rxe1 Nf4 22. Bxf4 exf4 23. Rg1 Bxb3 24. axb3 f6 25. Qh2 g5 26. f3 h5 27. d4 Rfe8 28. Re1 Qxe1+ 29. Qg1 Qxg1+ 30. Kxg1 hxg4 31. hxg4 d5 32. exd5 Rxd5 33. c3 Re2 34. Kf1 Rxb2 35. b4 Rd7 36. Kg1 Re7 37. Kf1 Ree2 38. d5 Rec2 39. Ke1 Rc1# 0-1

[Event "GER-ch U10 Girls"]
[Site "Willingen"]
[Date "2019.06.09"]
[Round "2"]
[White "Kopylov, Diana"]
[Black "Sickmann, Lisa"]
[Result "0-1"]
[WhiteElo "922"]
[BlackElo "1418"]
[PlyCount "52"]
[EventDate "2019.06.08"]
[EventType "swiss"]
[EventRounds "11"]
[EventCountry "GER"]
[SourceTitle "EXT 2020"]
[Source "ChessBase"]
[SourceDate "2019.10.17"]
[SourceVersion "1"]
[SourceVersionDate "2019.10.17"]
[SourceQuality "1"]

1. e4 e5 2. Nf3 Nc6 3. Bc4 Bc5 4. 0-0 d6 5. h3 Nf6 6. Nc3 0-0 7. d3 h6 8. Be3 Bxe3 9. fxe3 Na5 10. Bb3 Nxb3 11. axb3 Be6 12. Nh4 Nxe4 13. Qh5 Ng3 14. Qf3 Nxf1 15. Rxf1 Qxh4 16. Qxb7 Qe7 17. Nb5 Rab8 18. Qc6 Rb6 19. Qc3 Rxb5 20. d4 Qg5 21. Qxc7 Qxe3+ 22. Kh1 Bxh3 23. gxh3 Qxh3+ 24. Kg1 exd4 25. Qxd6 Rg5+ 26. Kf2 Qe3# 0-1

[Event "GER-chT U14 Girls"]
[Site "Neumuenster"]
[Date "2018.12.29"]
[Round "6.1"]
[White "Kopylov, Diana"]
[Black "Schwegler, Jelena"]
[Result "0-1"]
[WhiteElo "765"]
[BlackElo "1473"]
[PlyCount "116"]
[EventDate "2018.12.27"]
[EventType "team-swiss"]
[EventRounds "7"]
[EventCountry "GER"]
[SourceTitle "CBM 188 Extra"]
[Source "ChessBase"]
[SourceDate "2019.02.28"]
[SourceVersion "1"]
[SourceVersionDate "2019.02.28"]
[SourceQuality "1"]
[WhiteTeam "Harksheide II"]
[BlackTeam "Bad Homburg"]
[WhiteTeamCountry "GER"]
[BlackTeamCountry "GER"]

1. e4 e5 2. Nf3 Nc6 3. Nc3 Nf6 4. Bc4 Nxe4 5. Nxe4 d5 6. Bd3 dxe4 7. Bxe4 Bd6 8. 0-0 0-0 9. d3 Bg4 10. h3 Bh5 11. Qe1 Qd7 12. g4 Bg6 13. Nh4 Bxe4 14. Qxe4 Nd4 15. Qxb7 Nxc2 16. Rb1 h5 17. Qg2 hxg4 18. hxg4 Nd4 19. Be3 Rab8 20. Qe4 Rb4 21. Qd5 Ne2+ 22. Kh1 Qxg4 23. Qg2 Qxh4+ 24. Qh2 Qxh2+ 25. Kxh2 e4+ 26. Kh3 exd3 27. a3 Rb3 28. Bxa7 Bf4 29. Rfe1 d2+ 30. Kg4 dxe1Q 31. Rxe1 Rxb2 32. Bc5 f5+ 33. Kf3 Re8 34. a4 Nd4+ 35. Bxd4 Rxe1 36. Bxb2 Be5 37. Bxe5 Rxe5 38. Kf4 Ra5 39. Kg5 Kf7 40. Kf4 Ke6 41. Ke3 c5 42. Kd3 Kd5 43. Kc3 Rxa4 44. Kb3 Kd4 45. Kxa4 Kd3 46. Kb5 c4 47. f4 c3 48. Kc5 c2 49. Kd5 c1Q 50. Ke5 Qc5+ 51. Ke6 Ke4 52. Kf7 Qd6 53. Kxg7 Kxf4 54. Kh7 Qf6 55. Kg8 Qe7 56. Kh8 Kg5 57. Kg8 Kg6 58. Kh8 Qh7# 0-1